The microscopy of liquid crystals / (Record no. 26900)

MARC details
000 -LEADER
fixed length control field 01052cam a22002895i 4500
001 - CONTROL NUMBER
control field 014163215
003 - CONTROL NUMBER IDENTIFIER
control field EG-ScBUE
005 - DATE AND TIME OF LATEST TRANSACTION
control field 20251216095548.0
008 - FIXED-LENGTH DATA ELEMENTS--GENERAL INFORMATION
fixed length control field 060928s1974 enka f b 001 0 eng d
040 ## - CATALOGING SOURCE
Original cataloging agency EG-ScBUE
Language of cataloging eng
Description conventions rda
Transcribing agency EG-ScBUE
Modifying agency EG-ScBUE
082 04 - DEWEY DECIMAL CLASSIFICATION NUMBER
Classification number 548.9
Item number HAR
Edition number 22
100 1# - MAIN ENTRY--PERSONAL NAME
Personal name Hartshorne, N. H.
9 (RLIN) 41837
Fuller form of name (Norman Holt),
Relator term author.
245 14 - TITLE STATEMENT
Title The microscopy of liquid crystals /
Statement of responsibility, etc Norman H. Hartshorne, Ivy Farm, Waldron near Heathfield, E. Sussex, England.
264 #1 - PUBLICATION, DISTRIBUTION, ETC. (IMPRINT)
Place of publication, distribution, etc London :
Name of publisher, distributor, etc Microscope publications Ltd.,
Date of publication, distribution, etc 1974.
300 ## - PHYSICAL DESCRIPTION
Extent xii, 148 pages :
Other physical details illustrations ;
Dimensions 22 cm.
336 ## - CONTENT TYPE
Source rdacontent
Content type term text
Content type code txt
337 ## - MEDIA TYPE
Media type term unmediated
Source rdamedia
Media type code n
338 ## - CARRIER TYPE
Carrier type term volume
Carrier type code nc
Source rdacarrier
490 0# - SERIES STATEMENT
Series statement Monographs in microscope series ;
Volume number/sequential designation 48
504 ## - BIBLIOGRAPHY, ETC. NOTE
Bibliography, etc Includes bibliographical references and index.
650 #7 - SUBJECT ADDED ENTRY--TOPICAL TERM
Topical term or geographic name as entry element Microscope and microscopy.
Source of heading or term BUEsh
650 #7 - SUBJECT ADDED ENTRY--TOPICAL TERM
Topical term or geographic name as entry element Crystal optics.
Source of heading or term BUEsh
650 #7 - SUBJECT ADDED ENTRY--TOPICAL TERM
Topical term or geographic name as entry element Liquid crystals.
Source of heading or term BUEsh
9 (RLIN) 4312
653 ## - INDEX TERM--UNCONTROLLED
Resource For college Humanities: English
-- Engineering, Chemical
Arrived date list October2018
655 ## - INDEX TERM--GENRE/FORM
Form subdivision Reading book
942 ## - ADDED ENTRY ELEMENTS (KOHA)
Source of classification or shelving scheme Dewey Decimal Classification
Koha item type Book - Borrowing
Holdings
Withdrawn status Lost status Source of classification or shelving scheme Damaged status Not for loan Collection code Home library Current library Shelving location Date acquired Source of acquisition Cost, normal purchase price Total Checkouts Full call number Barcode Date last seen Date checked out Koha item type
    Dewey Decimal Classification     Baccah Central Library Central Library First floor 29/10/2018 Purchase 1850.00 1 548.9 HAR 000043668 15/07/2025 12/12/2018 Book - Borrowing